Statistiche per Province che confinano con solo Province della stessa Regione

Clicka qui per fare il quiz!

Statistiche generali

  • Questo quiz è stato fatto 13 volte
  • Il punteggio medio è 15 su 17

Statistiche sulle risposte

RegioneProvincia% Corretto
Friuli-Venezia GiuliaEnte di decentramento regionale di Trieste
100%
CalabriaCittà metropolitana di Reggio Calabria
92%
LombardiaProvincia di Bergamo
92%
LombardiaProvincia di Monza e della Brianza
92%
VenetoProvincia di Padova
92%
CalabriaProvincia di Vibo Valentia
92%
CampaniaCittà metropolitana di Napoli
83%
Friuli-Venezia GiuliaEnte di decentramento regionale di Gorizia
83%
PugliaProvincia di Brindisi
83%
CalabriaProvincia di Catanzaro
83%
CalabriaProvincia di Crotone
83%
MarcheProvincia di Fermo
83%
PugliaProvincia di Lecce
83%
LombardiaProvincia di Lecco
83%
ToscanaProvincia di Livorno
83%
ToscanaProvincia di Pisa
83%
LombardiaProvincia di Como
75%

Distribuzione punteggi

Percentile per numero di risposta

Percentuale di utenti per punteggio

I tuoi punteggi nel tempo

Non hai fatto questo quiz